[Event "Bremen-ch"]
[Site "Bremen"]
[Date "2023.04.03"]
[Round "4"]
[White "Issing, Peter"]
[Black "Stern, Philipp"]
[Result "1-0"]
[WhiteElo "2118"]
[BlackElo "1913"]
[PlyCount "119"]
[EventDate "2023.03.27"]
[EventType "swiss"]
[EventRounds "9"]
[EventCountry "GER"]
[SourceTitle "CBM 213 Extra"]
[Source "ChessBase"]
[SourceDate "2023.05.31"]
[SourceVersion "1"]
[SourceVersionDate "2023.05.31"]
[SourceQuality "1"]

1. d4 d5 2. c4 c6 3. Nf3 Nf6 4. Qc2 e6 5. Bf4 Bd6 6. Bxd6 Qxd6 7. e3 Nbd7 8. Nc3 0-0 9. Rd1 a6 10. Be2 b5 11. b3 e5 12. dxe5 Nxe5 13. cxd5 cxd5 14. 0-0 Be6 15. Qd2 Rac8 16. Rc1 b4 17. Na4 Ne4 18. Qd4 Ng4 19. h3 Rxc1 20. Rxc1 Ngxf2 21. Qe5 Qxe5 22. Nxe5 Rc8 23. Rxc8+ Bxc8 24. Nc6 Bb7 25. Nxb4 a5 26. Nc2 Bc6 27. Nb6 Kf8 28. Nd4 Bb7 29. a3 Ke7 30. b4 axb4 31. axb4 g6 32. Na4 Kd6 33. Nb2 Bc8 34. Na4 f5 35. Nc5 Kc7 36. Ncb3 Bd7 37. Nf3 Kd6 38. Nc5 Bc8 39. Nd4 g5 40. Nb5+ Ke5 41. Na7 Be6 42. Nc6+ Kd6 43. Nxe6 Kxe6 44. Nd4+ Ke5 45. b5 f4 46. b6 Kd6 47. Bb5 fxe3 48. Nf5+ Ke5 49. b7 Kxf5 50. b8Q Nd1 51. Qf8+ Ke6 52. Qh6+ Ke5 53. Qg7+ Kd6 54. Bd3 Ndc3 55. Bxe4 Nxe4 56. Kf1 h5 57. Qd4 Ng3+ 58. Ke1 e2 59. Qf6+ Kc5 60. Qf2+ 1-0

[Event "Bremen-ch"]
[Site "Bremen"]
[Date "2023.04.02"]
[Round "3"]
[White "Jung, Gerald"]
[Black "Issing, Peter"]
[Result "1/2-1/2"]
[WhiteElo "1876"]
[BlackElo "2118"]
[PlyCount "61"]
[EventDate "2023.03.27"]
[EventType "swiss"]
[EventRounds "9"]
[EventCountry "GER"]
[SourceTitle "CBM 213 Extra"]
[Source "ChessBase"]
[SourceDate "2023.05.31"]
[SourceVersion "1"]
[SourceVersionDate "2023.05.31"]
[SourceQuality "1"]

1. Nc3 d5 2. e4 c6 3. Qf3 d4 4. Bc4 e6 5. Nce2 c5 6. Nh3 Nc6 7. 0-0 Bd6 8. Ng3 Nf6 9. Nh5 Ne5 10. Nxf6+ gxf6 11. Bb5+ Ke7 12. Qh5 Qg8 13. f4 Qg4 14. Be2 Qxh5 15. Bxh5 Nc6 16. d3 Bc7 17. Nf2 Nb4 18. c3 Nc2 19. Rb1 b6 20. Nd1 Ba6 21. Be2 Rad8 22. c4 Nb4 23. a3 Nc6 24. b4 Bc8 25. b5 Nb8 26. Bh5 Nd7 27. Nf2 h6 28. Ng4 f5 29. exf5 exf5 30. Re1+ Kf8 31. Ne5 1/2-1/2

[Event "Bremen Silvester op-A"]
[Site "Bremen"]
[Date "2022.12.30"]
[Round "7"]
[White "Issing, Peter"]
[Black "Hoerr, Matthias"]
[Result "1/2-1/2"]
[WhiteElo "2106"]
[BlackElo "2077"]
[PlyCount "73"]
[EventDate "2022.12.27"]
[EventType "swiss"]
[EventRounds "7"]
[EventCountry "GER"]
[SourceTitle "CBM 211 Extra"]
[Source "ChessBase"]
[SourceDate "2023.01.31"]
[SourceVersion "1"]
[SourceVersionDate "2023.01.31"]
[SourceQuality "1"]

1. Nf3 c5 2. g3 g6 3. c4 Bg7 4. Bg2 Nc6 5. 0-0 e5 6. Nc3 Nge7 7. Ne1 0-0 8. Nc2 Rb8 9. d3 d6 10. Ne3 a6 11. Ned5 b5 12. b3 h6 13. Bb2 Kh7 14. Nxe7 Nxe7 15. Nd5 Nxd5 16. Bxd5 Bh3 17. Re1 Qd7 18. Qd2 Be6 19. Bg2 f5 20. f4 d5 21. cxb5 exf4 22. Bxg7 Qxg7 23. Qxf4 Rxb5 24. Rac1 Bg8 25. Qf2 Rc8 26. Rc2 c4 27. bxc4 dxc4 28. Rec1 Rbc5 29. d4 R5c7 30. Rc3 Rb8 31. e3 Qe7 32. Qf4 Rb5 33. h4 h5 34. Bf1 Rb4 35. Bg2 Rb5 36. Bf1 Rb4 37. Bg2 1/2-1/2

[Event "Bremen Silvester op-A"]
[Site "Bremen"]
[Date "2022.12.27"]
[Round "2"]
[White "Rennkamp, David"]
[Black "Issing, Peter"]
[Result "0-1"]
[WhiteElo "1856"]
[BlackElo "2106"]
[PlyCount "86"]
[EventDate "2022.12.27"]
[EventType "swiss"]
[EventRounds "7"]
[EventCountry "GER"]
[SourceTitle "CBM 211 Extra"]
[Source "ChessBase"]
[SourceDate "2023.01.31"]
[SourceVersion "1"]
[SourceVersionDate "2023.01.31"]
[SourceQuality "1"]

1. e4 c5 2. Nc3 a6 3. d3 Nc6 4. f4 e6 5. Nf3 d5 6. g3 Nf6 7. e5 d4 8. exf6 dxc3 9. bxc3 Qxf6 10. Bd2 Bd6 11. Bg2 h6 12. 0-0 0-0 13. c4 Bd7 14. Qe1 Rab8 15. Bc3 Qe7 16. a4 Rfd8 17. Ne5 Nd4 18. Nxd7 Qxd7 19. Qd2 Be7 20. Rfb1 Bf6 21. Kh1 b5 22. axb5 axb5 23. cxb5 Rxb5 24. Be4 Rdb8 25. Rxb5 Qxb5 26. Kg2 Rd8 27. Ra8 Rxa8 28. Bxa8 Qa4 29. Bf3 Qxc2 30. Qxc2 Nxc2 31. Bxf6 gxf6 32. Kf2 Kf8 33. Bd1 Nd4 34. Ke3 Ke7 35. Kd2 f5 36. Kc3 Kd6 37. Kd2 f6 38. Ke3 e5 39. Ba4 Ne6 40. Be8 Nc7 41. Ba4 Nd5+ 42. Kf3 e4+ 43. Ke2 Nc3+ 0-1

[Event "Bremen-ch"]
[Site "Bremen"]
[Date "2019.04.18"]
[Round "7.2"]
[White "Issing, Peter"]
[Black "Hundack, Rolf"]
[Result "0-1"]
[WhiteElo "2129"]
[BlackElo "2103"]
[PlyCount "128"]
[EventDate "2019.04.13"]
[EventType "swiss"]
[EventRounds "9"]
[EventCountry "GER"]
[SourceTitle "EXT 2020"]
[Source "ChessBase"]
[SourceDate "2019.10.17"]
[SourceVersion "1"]
[SourceVersionDate "2019.10.17"]
[SourceQuality "1"]

1. d4 d5 2. c4 e6 3. Nf3 c6 4. Qc2 Bd6 5. Bg5 f6 6. Bh4 Nh6 7. Bg3 0-0 8. e3 f5 9. Bxd6 Qxd6 10. Nc3 Nd7 11. Bd3 Nf6 12. 0-0-0 Nf7 13. h3 e5 14. dxe5 Nxe5 15. Be2 Be6 16. Kb1 Kh8 17. cxd5 Nxd5 18. Rd2 Bg8 19. Rhd1 Qf6 20. Nd4 b5 21. f4 Nd7 22. Nxd5 Bxd5 23. Bf3 Nb6 24. Nxc6 Bxf3 25. gxf3 Nc4 26. Ne5 Nxe3 27. Nd7 Qh4 28. Qb3 Nxd1 29. Nxf8 Rxf8 30. Qxd1 Qxf4 31. Rd8 Qb4 32. a3 Qe7 33. Rxf8+ Qxf8 34. Qd7 a6 35. Qe6 h6 36. Qxa6 Qc5 37. Qg6 Qd5 38. h4 Qd3+ 39. Ka2 Qc4+ 40. Kb1 Qf1+ 41. Ka2 Qc4+ 42. Kb1 Qxh4 43. Qe8+ Kh7 44. Qxb5 Qe1+ 45. Ka2 Qe6+ 46. Qb3 Qg6 47. a4 h5 48. a5 h4 49. f4 Qa6 50. Qc3 Qf1 51. Qe5 Qc4+ 52. Ka3 Qd3+ 53. b3 h3 54. Qe8 Qd6+ 55. b4 Qd3+ 56. Kb2 Qd2+ 57. Ka3 Qc3+ 58. Ka2 Qf3 59. Qf7 Qg4 60. a6 h2 61. Qb7 Qe2+ 62. Ka3 Qd3+ 63. Kb2 Qd2+ 64. Ka3 Qc1+ 0-1

[Event "Bremen-ch"]
[Site "Bremen"]
[Date "2019.04.16"]
[Round "5.3"]
[White "Issing, Peter"]
[Black "Norbach, Alexander"]
[Result "1-0"]
[WhiteElo "2129"]
[BlackElo "1854"]
[PlyCount "89"]
[EventDate "2019.04.13"]
[EventType "swiss"]
[EventRounds "9"]
[EventCountry "GER"]
[SourceTitle "EXT 2020"]
[Source "ChessBase"]
[SourceDate "2019.10.17"]
[SourceVersion "1"]
[SourceVersionDate "2019.10.17"]
[SourceQuality "1"]

1. d4 d5 2. c4 c6 3. cxd5 cxd5 4. Bg5 Nc6 5. Nc3 Nf6 6. Bxf6 exf6 7. e3 Be6 8. Bd3 Rc8 9. Rc1 a6 10. Nge2 Bd6 11. a3 0-0 12. b4 a5 13. b5 Ne7 14. Qb3 f5 15. 0-0 g5 16. f4 h6 17. Ng3 f6 18. Nce2 Qd7 19. a4 Bb4 20. Rcd1 Rcd8 21. Qb1 Rf7 22. Kf2 Rdf8 23. Rh1 Rh7 24. h4 Rg7 25. Nh5 Rgf7 26. Neg3 Bd6 27. Ke2 g4 28. Kf2 Bb4 29. Rhf1 Rd8 30. b6 Rff8 31. Rc1 Kf7 32. Rc7 Qxa4 33. Bxf5 Rd7 34. Ng7 Nxf5 35. N7xf5 Bxf5 36. Qxf5 Rxc7 37. bxc7 Qc6 38. Qh5+ Ke7 39. Qxh6 Qc2+ 40. Kg1 Rf7 41. Qh5 f5 42. Qg5+ Ke6 43. Qg6+ Ke7 44. Qb6 Ke8 45. Qe6+ 1-0

[Event "Bremen-ch op"]
[Site "Bremen"]
[Date "2018.03.30"]
[Round "8"]
[White "Mueller, Wolfgang"]
[Black "Issing, Peter"]
[Result "1-0"]
[WhiteElo "2023"]
[BlackElo "2196"]
[PlyCount "71"]
[EventDate "2018.03.24"]
[EventType "swiss"]
[EventRounds "9"]
[EventCountry "GER"]
[SourceTitle "EXT 2019"]
[Source "ChessBase"]
[SourceDate "2018.10.10"]
[SourceVersion "1"]
[SourceVersionDate "2018.10.10"]
[SourceQuality "1"]

1. e4 c5 2. Nf3 Nc6 3. d4 cxd4 4. Nxd4 e6 5. Nc3 Qc7 6. Be2 a6 7. 0-0 Nf6 8. Bg5 Bb4 9. Nxc6 bxc6 10. Qd4 Bd6 11. g3 Be5 12. Qd2 0-0 13. Bf3 Rb8 14. Na4 d5 15. exd5 cxd5 16. Be3 Bd7 17. Nc5 Rxb2 18. Rab1 Bb5 19. Rxb2 Bxb2 20. c4 d4 21. Qxb2 dxe3 22. cxb5 Qxc5 23. bxa6 Nd5 24. fxe3 Qxe3+ 25. Qf2 Qa3 26. a7 Ra8 27. Bxd5 exd5 28. Qxf7+ Kh8 29. Re1 Qc5+ 30. Kg2 Qc6 31. Re6 Qc2+ 32. Kh3 Qc8 33. Kh4 Qg8 34. Re7 d4 35. Qxg8+ Kxg8 36. Rb7 1-0

[Event "Bremen-ch op"]
[Site "Bremen"]
[Date "2018.03.24"]
[Round "1"]
[White "Issing, Peter"]
[Black "Barseghyan, Narek1111"]
[Result "1-0"]
[WhiteElo "2196"]
[BlackElo "1472"]
[PlyCount "35"]
[EventDate "2018.03.24"]
[EventType "swiss"]
[EventRounds "9"]
[EventCountry "GER"]
[SourceTitle "EXT 2019"]
[Source "ChessBase"]
[SourceDate "2018.10.10"]
[SourceVersion "1"]
[SourceVersionDate "2018.10.10"]
[SourceQuality "1"]

1. d4 d5 2. c4 dxc4 3. Nf3 Be6 4. Ng5 Qd6 5. e4 Qb4+ 6. Nc3 Nf6 7. Nxe6 fxe6 8. a3 Qa5 9. Bxc4 Nxe4 10. 0-0 Nxc3 11. bxc3 Qxc3 12. Qe2 Qxd4 13. Rd1 Qf6 14. Bb2 Qf5 15. Bxe6 Qa5 16. Qd3 Qd5 17. Qxd5 Nc6 18. Bf7# 1-0

[Event "Oberliga Nord W 1718"]
[Site "Germany"]
[Date "2018.01.21"]
[Round "5.3"]
[White "Schmidt, Alexander"]
[Black "Issing, Peter"]
[Result "0-1"]
[WhiteElo "2115"]
[BlackElo "2196"]
[PlyCount "102"]
[EventDate "2017.10.08"]
[EventType "team-tourn"]
[EventRounds "9"]
[EventCountry "GER"]
[SourceTitle "EXT 2019"]
[Source "ChessBase"]
[SourceDate "2018.10.10"]
[SourceVersion "1"]
[SourceVersionDate "2018.10.10"]
[SourceQuality "1"]
[WhiteTeam "Goettingen Tempo"]
[BlackTeam "Bremer SG"]
[WhiteTeamCountry "GER"]
[BlackTeamCountry "GER"]

1. e4 d6 2. d4 Nf6 3. Nc3 e5 4. Nf3 Nbd7 5. Be2 Be7 6. h3 a6 7. a4 b6 8. 0-0 0-0 9. Re1 Bb7 10. Bf1 Re8 11. g3 Bf8 12. Bg2 c6 13. Bg5 Qc7 14. Qd3 h6 15. Be3 Rad8 16. Nh4 b5 17. f4 b4 18. Ne2 exd4 19. Bxd4 c5 20. Bxf6 Nxf6 21. Nc1 d5 22. e5 c4 23. Qf3 Ne4 24. Kh2 Qc8 25. g4 Bc5 26. Nf5 f6 27. exf6 Nxf6 28. Ne2 Qc7 29. Ned4 Ne4 30. c3 bxc3 31. bxc3 Bc8 32. Kh1 Rf8 33. Ra2 Bxd4 34. Nxd4 Rxf4 35. Qe3 Rdf8 36. Rb2 Kh8 37. Reb1 Rf2 38. Kg1 Rxb2 39. Rxb2 Nf6 40. Rb4 Re8 41. Qf3 Qe5 42. Rb6 Qg5 43. Qg3 Qd2 44. Rb8 Bd7 45. Rxe8+ Bxe8 46. Qe5 Qxc3 47. a5 Bg6 48. Kh2 Kh7 49. Bf3 Qd2+ 50. Kg3 Ne4+ 51. Bxe4 Qe3+ 0-1

[Event "Niedersachsen-ch op A"]
[Site "Verden"]
[Date "2018.01.04"]
[Round "2"]
[White "Issing, Peter"]
[Black "Evering, Soeren"]
[Result "1/2-1/2"]
[WhiteElo "2157"]
[BlackElo "1898"]
[PlyCount "157"]
[EventDate "2018.01.04"]
[EventType "swiss"]
[EventRounds "7"]
[EventCountry "GER"]
[SourceTitle "EXT 2022"]
[Source "ChessBase"]
[SourceDate "2021.10.06"]
[SourceVersion "1"]
[SourceVersionDate "2021.10.06"]
[SourceQuality "1"]

1. d4 Nf6 2. c4 e6 3. Nc3 Bb4 4. Qc2 0-0 5. e4 d5 6. e5 Ne4 7. Bd3 c5 8. Nf3 cxd4 9. Nxd4 Nd7 10. Bf4 Qh4 11. g3 Qh5 12. 0-0 g5 13. Be3 Bxc3 14. bxc3 Nxe5 15. Be2 g4 16. f3 gxf3 17. Bxf3 Nxf3+ 18. Nxf3 b6 19. cxd5 exd5 20. Nh4 Bg4 21. Bd4 Rac8 22. Qb2 Rc4 23. Rf4 Ng5 24. Rf6 Re8 25. Qb5 Rcc8 26. a4 Bf3 27. Qd7 Rcd8 28. Qf5 Be4 29. Qf1 Qg4 30. Qd1 Qxd1+ 31. Rxd1 Ne6 32. a5 Nxd4 33. cxd4 b5 34. Rd2 Re6 35. Rf1 Rc6 36. Nf5 Kf8 37. Ne3 Rc3 38. Ng4 Re8 39. Ne5 Re7 40. Rb2 a6 41. Rf6 Rc1+ 42. Kf2 Ra7 43. Nc6 Ra8 44. Nb4 Ra1 45. Rxa6 Rxa6 46. Nxa6 Rxa5 47. Nc7 Ra7 48. Nxb5 Rb7 49. Ke3 Bf5 50. Rf2 Bg6 51. Nd6 Rb6 52. Nf5 Re6+ 53. Kd2 Rf6 54. g4 h5 55. h3 hxg4 56. hxg4 Ra6 57. Ke3 Re6+ 58. Kf4 Re4+ 59. Kg5 Bxf5 60. gxf5 Rxd4 61. Kf6 Ra4 62. Rb2 Ra6+ 63. Ke5 Kg7 64. Rg2+ Kh6 65. f6 d4 66. Rg7 d3 67. Rxf7 d2 68. Rd7 d1Q 69. Rxd1 Kg6 70. Rg1+ Kf7 71. Rg7+ Kf8 72. Rd7 Ra1 73. Rd4 Re1+ 74. Re4 Rxe4+ 75. Kxe4 Kf7 76. Kf5 Kf8 77. Ke6 Ke8 78. f7+ Kf8 79. Kf6 1/2-1/2

[Event "Oberliga Nord W 1718"]
[Site "Germany"]
[Date "2017.11.12"]
[Round "3.4"]
[White "Voege, Tobias"]
[Black "Issing, Peter"]
[Result "1-0"]
[WhiteElo "2271"]
[BlackElo "2196"]
[PlyCount "107"]
[EventDate "2017.10.08"]
[EventType "team-tourn"]
[EventRounds "9"]
[EventCountry "GER"]
[SourceTitle "EXT 2019"]
[Source "ChessBase"]
[SourceDate "2018.10.10"]
[SourceVersion "1"]
[SourceVersionDate "2018.10.10"]
[SourceQuality "1"]
[WhiteTeam "Liste Turm"]
[BlackTeam "Bremer SG"]
[WhiteTeamCountry "GER"]
[BlackTeamCountry "GER"]

1. d4 Nf6 2. c4 e6 3. Nc3 Bb4 4. Nf3 c5 5. g3 Qa5 6. Qd3 d5 7. cxd5 exd5 8. Bd2 0-0 9. Bg2 c4 10. Qc2 Nc6 11. 0-0 Bg4 12. e3 Qc7 13. Ne5 Nxe5 14. Nb5 Nf3+ 15. Bxf3 Qb6 16. Bxg4 Qxb5 17. a4 Qa5 18. Bxb4 Qxb4 19. Bh3 a5 20. Rab1 Ra6 21. b3 c3 22. f3 Re8 23. Kf2 Rc6 24. Rfd1 Re7 25. Rbc1 Rec7 26. Bf1 Rc8 27. Bb5 R6c7 28. Rd3 g6 29. Kg2 Kg7 30. Re1 Rd8 31. Rc1 Rdc8 32. Re1 Ng8 33. e4 Ne7 34. Ree3 dxe4 35. fxe4 f5 36. Bc4 fxe4 37. Rxe4 Rxc4 38. bxc4 Rxc4 39. Re5 Nc6 40. Rb5 Qe7 41. Rxc3 Rxd4 42. Rc4 Rd7 43. Rf4 Kg8 44. h4 Qe3 45. Qa2+ Kg7 46. Qb2+ Kg8 47. Qa2+ Kg7 48. Rb2 Nb4 49. Qa1 Kg8 50. Rbf2 Rd8 51. Qf6 Qe8 52. Qg5 Qc6+ 53. Kh2 Re8 54. Qh6 1-0

[Event "Oberliga Nord W 1617"]
[Site "Germany"]
[Date "2016.10.16"]
[Round "1.4"]
[White "Issing, Peter"]
[Black "Oehne, Timo"]
[Result "1-0"]
[WhiteElo "2162"]
[BlackElo "2140"]
[PlyCount "63"]
[EventDate "2016.10.16"]
[EventType "team-tourn"]
[EventRounds "9"]
[EventCountry "GER"]
[SourceTitle "EXT 2018"]
[Source "ChessBase"]
[SourceDate "2017.10.13"]
[SourceVersion "1"]
[SourceVersionDate "2017.10.13"]
[SourceQuality "1"]
[WhiteTeam "Bremer SG"]
[BlackTeam "Nordhorn Blanke"]
[WhiteTeamCountry "GER"]
[BlackTeamCountry "GER"]

1. d4 Nf6 2. Nf3 g6 3. c4 Bg7 4. Nc3 d5 5. e3 0-0 6. b4 Bg4 7. Bb2 c6 8. h3 Bf5 9. g4 Be6 10. Ng5 Bc8 11. f4 dxc4 12. Bxc4 Nd5 13. Nxd5 cxd5 14. Bb3 Nc6 15. a3 e5 16. dxe5 Nxe5 17. Bxd5 Nf3+ 18. Qxf3 Bxb2 19. Rb1 Bc3+ 20. Kf2 Qe7 21. h4 Be6 22. Bxe6 fxe6 23. Qe4 Rae8 24. Kg2 Bf6 25. Nf3 Rd8 26. g5 Bg7 27. h5 Rf5 28. hxg6 hxg6 29. Rbd1 Rdf8 30. Nh4 Be5 31. Nxf5 Rxf5 32. Rh4 1-0

[Event "Oberliga Nord W 1516"]
[Site "Germany"]
[Date "2016.01.31"]
[Round "6.4"]
[White "Issing, Peter"]
[Black "Schuette, Marc"]
[Result "1-0"]
[WhiteElo "2199"]
[BlackElo "2149"]
[PlyCount "69"]
[EventDate "2015.09.20"]
[EventType "team-tourn"]
[EventRounds "9"]
[EventCountry "GER"]
[SourceTitle "EXT 2017"]
[Source "ChessBase"]
[SourceDate "2016.10.25"]
[SourceVersion "1"]
[SourceVersionDate "2016.10.25"]
[SourceQuality "1"]
[WhiteTeam "Bremer SG"]
[BlackTeam "Oldenburg Union"]
[WhiteTeamCountry "GER"]
[BlackTeamCountry "GER"]

1. d4 d5 2. c4 c6 3. Nf3 Nf6 4. e3 a6 5. Nc3 b5 6. b3 Bg4 7. h3 Bxf3 8. Qxf3 e6 9. Qd1 Bb4 10. Bd2 0-0 11. Be2 Ra7 12. 0-0 dxc4 13. bxc4 Rd7 14. Qb3 Bd6 15. Rfd1 e5 16. dxe5 Bxe5 17. Be1 Qe7 18. Rab1 Rxd1 19. Bxd1 Nbd7 20. Bf3 Nc5 21. Qc2 g6 22. Ne2 Ne6 23. a4 Rb8 24. Bxc6 b4 25. Nc1 Qc5 26. Bf3 Bc7 27. Nb3 Qd6 28. g3 Qd7 29. Bg2 Qxa4 30. Ra1 Qd7 31. Rxa6 Ng5 32. Rxf6 Be5 33. Ra6 Nxh3+ 34. Kh2 Ng5 35. f4 1-0

[Event "Bremen-ch op"]
[Site "Bremen"]
[Date "2015.04.01"]
[Round "6"]
[White "Kardoeus, David"]
[Black "Issing, Peter"]
[Result "1-0"]
[WhiteElo "2108"]
[BlackElo "2208"]
[PlyCount "129"]
[EventDate "2015.03.28"]
[EventType "swiss"]
[EventRounds "9"]
[EventCountry "GER"]
[SourceTitle "EXT 2018"]
[Source "ChessBase"]
[SourceDate "2017.10.13"]
[SourceVersion "1"]
[SourceVersionDate "2017.10.13"]
[SourceQuality "1"]

1. e4 e6 2. d4 d5 3. Nd2 a6 4. Bd3 c5 5. exd5 Qxd5 6. Ngf3 Nf6 7. 0-0 cxd4 8. Nb3 Nc6 9. Nbxd4 Bd7 10. c3 Be7 11. Re1 0-0 12. Bg5 Nxd4 13. cxd4 Bc6 14. Qc2 h6 15. Bxf6 Bxf6 16. Bh7+ Kh8 17. Be4 Qd6 18. Bxc6 bxc6 19. Qc4 Rfb8 20. Ne5 Kg8 21. b3 Rd8 22. Rac1 Qxd4 23. Nxc6 Qxc4 24. Rxc4 Rd2 25. a4 a5 26. g3 Rb2 27. Re3 Ra6 28. Rd3 Bg5 29. Kg2 Bd2 30. Rd8+ Kh7 31. Rd7 f6 32. Nd4 Be3 33. Nc2 Ra7 34. Rd6 Bc1 35. Rd1 Rxc2 36. Rxc2 Ba3 37. Rc6 e5 38. Rd5 Bb4 39. Kf3 Rb7 40. Ke4 Be1 41. Rb5 Rd7 42. f4 exf4 43. gxf4 Kg6 44. Rc1 Re7+ 45. Kf3 Bd2 46. Rb1 Kf7 47. Rb2 Bb4 48. Re2 Rd7 49. h4 Rd3+ 50. Re3 Rd7 51. h5 Rc7 52. Rd3 Ra7 53. Rbd5 Ke7 54. Kg4 Ke6 55. Rb5 Rc7 56. Rb6+ Kf7 57. Rd5 g6 58. hxg6+ Kxg6 59. Rdb5 Rc1 60. f5+ Kf7 61. Rb7+ Be7 62. Rxa5 Rg1+ 63. Kf3 Re1 64. Raa7 h5 65. Rxe7+ 1-0